| 000 | 00428nam a22001457a 4500 | ||
|---|---|---|---|
| 020 | _a0-07-014637-3 | ||
| 082 | _a629.244 CRO'A | ||
| 100 |
_aCROUSE, WILLIAM H,ANGLIN, DONALD _977435 |
||
| 245 | _aAUTOMOTIVE TRANSMISSION AND POWER TRAIDS CONSTRUCTION OPERATION AND MAINTENANCE | ||
| 250 | _a5TH | ||
| 260 |
_aNEWYORK _bMCGRAW HILL _c1976 |
||
| 300 | _a381P | ||
| 650 |
_aAUTOMOBILES TRANSMISSION DEVICES _977436 |
||
| 942 | _cBK | ||
| 999 |
_c582703 _d582703 |
||